000 00893nam a2200229Ii 4500
003 JO-AjNU
008 230605s9999||||xx |||||||||||||| ||und||
017 _a2007/10/3228
020 _a978-9957-11-740-5
040 _aJO-AjNU
_bara
_erda
_cJO-AjNU
041 _aara
050 1 4 _aHA35.N826.2008
100 3 _aتاليف النعيمي، محمد عبد العال، م.مشارك حسن ياسين طعمة,
_eauthor
_933494
245 0 0 _aالاحصاء التطبيقي=Applied Statistics
250 _aط1
264 3 1 _aعمان:دار وائل للنشر والتوزيع،2008
300 _a425ص
_bيحتوي على ملاحق من صفحة(393)الى صفحة(425)
336 _atext
_btxt
_2rdacontent
337 _aunmediated
_bn
_2rdamedia
338 _avolume
_bnc
_2rdacarrier
650 4 _aالاحصاء-الاحصاء التجريبي-الاحصاء الرياضي
_933495
999 _aA13640
_c17208
_d17208